<?xml version="1.0" encoding="UTF-8"?>
<collection xmlns="http://www.loc.gov/MARC21/slim">
<record>
  <controlfield tag="001">117672</controlfield>
  <controlfield tag="005">20230602121509.0</controlfield>
  <datafield tag="024" ind1="8" ind2=" ">
    <subfield code="2">sideral</subfield>
    <subfield code="a">128869</subfield>
  </datafield>
  <datafield tag="037" ind1=" " ind2=" ">
    <subfield code="a">ART-2022-128869</subfield>
  </datafield>
  <datafield tag="041" ind1=" " ind2=" ">
    <subfield code="a">spa</subfield>
  </datafield>
  <datafield tag="100" ind1=" " ind2=" ">
    <subfield code="a">Cortina Segarra, Jordi</subfield>
  </datafield>
  <datafield tag="245" ind1=" " ind2=" ">
    <subfield code="a">La restauración ecológica de espartales en el sureste</subfield>
  </datafield>
  <datafield tag="260" ind1=" " ind2=" ">
    <subfield code="c">2022</subfield>
  </datafield>
  <datafield tag="506" ind1="0" ind2=" ">
    <subfield code="a">Access copy available to the general public</subfield>
    <subfield code="f">Unrestricted</subfield>
  </datafield>
  <datafield tag="520" ind1="3" ind2=" ">
    <subfield code="a">Los espartales cubren una amplia extensión del oeste de la cuenca mediterránea y del sureste de la península ibérica, resultado de un largo proceso de interacción con las poblaciones humanas. En España, desde el masivo abandono de los cultivos de esparto, a mediados del siglo XX, los espartales han entrado en una nueva dinámica, recuperando algunas especies clave, a través de procesos naturales o mediante plantación. Actualmente, esta dinámica se ve afectada intensamente por el cambio climático. Además, con el abandono de la explotación de fibra de esparto y el pastoreo, la sociedad ha incrementado la demanda de otros servicios, como el control hidrológico, la fijación de carbono, y el valor paisajístico, además de una mayor protección de la biodiversidad. En este capítulo, se repasan los rasgos morfofuncionales del esparto,y se describen algunas interacciones ecológicas de estas comunidades y de qué forma condicionan el funcionamiento de estos ecosistemas. Finalmente, se discute el futuro de estas comunidades tan ricas ecológica y culturalmente, prestando especial atención a los beneficios de restaurar espartales degradados y a la necesidad de una adecuada planificación de los programas de restauración.</subfield>
  </datafield>
  <datafield tag="536" ind1=" " ind2=" ">
    <subfield code="9">info:eu-repo/grantAgreement/ES/MINECO/CGL2014-52714-C2-1-R</subfield>
    <subfield code="9">info:eu-repo/grantAgreement/ES/MINECO/RTI2018-095954-B-I00</subfield>
  </datafield>
  <datafield tag="540" ind1=" " ind2=" ">
    <subfield code="9">info:eu-repo/semantics/openAccess</subfield>
    <subfield code="a">by</subfield>
    <subfield code="u">http://creativecommons.org/licenses/by/3.0/es/</subfield>
  </datafield>
  <datafield tag="655" ind1=" " ind2="4">
    <subfield code="a">info:eu-repo/semantics/article</subfield>
    <subfield code="v">info:eu-repo/semantics/publishedVersion</subfield>
  </datafield>
  <datafield tag="700" ind1=" " ind2=" ">
    <subfield code="a">Tormo Blanes, Jaume</subfield>
    <subfield code="u">Universidad de Zaragoza</subfield>
    <subfield code="0">(orcid)0000-0001-7037-4970</subfield>
  </datafield>
  <datafield tag="700" ind1=" " ind2=" ">
    <subfield code="a">Derak, Mchich</subfield>
  </datafield>
  <datafield tag="710" ind1="2" ind2=" ">
    <subfield code="1">5011</subfield>
    <subfield code="2">220</subfield>
    <subfield code="a">Universidad de Zaragoza</subfield>
    <subfield code="b">Dpto. CC.Agrar.y Medio Natural</subfield>
    <subfield code="c">Área Ecología</subfield>
  </datafield>
  <datafield tag="773" ind1=" " ind2=" ">
    <subfield code="g">Núm. especial (2022), 148-170</subfield>
    <subfield code="p">Rev. estud. almer.</subfield>
    <subfield code="t">REAL Revista de Estudios Almerienses</subfield>
    <subfield code="x">2697-0082</subfield>
  </datafield>
  <datafield tag="856" ind1="4" ind2=" ">
    <subfield code="s">809417</subfield>
    <subfield code="u">http://zaguan.unizar.es/record/117672/files/texto_completo.pdf</subfield>
    <subfield code="y">Versión publicada</subfield>
  </datafield>
  <datafield tag="856" ind1="4" ind2=" ">
    <subfield code="s">2440211</subfield>
    <subfield code="u">http://zaguan.unizar.es/record/117672/files/texto_completo.jpg?subformat=icon</subfield>
    <subfield code="x">icon</subfield>
    <subfield code="y">Versión publicada</subfield>
  </datafield>
  <datafield tag="856" ind1="4" ind2="1">
    <subfield code="u">https://www.iealmerienses.es/Servicios/Anexos/Anexos.nsf/referencia/IEA-AX-REALEsparto-ART9</subfield>
    <subfield code="z">Texto completo de la revista</subfield>
  </datafield>
  <datafield tag="909" ind1="C" ind2="O">
    <subfield code="o">oai:zaguan.unizar.es:117672</subfield>
    <subfield code="p">articulos</subfield>
    <subfield code="p">driver</subfield>
  </datafield>
  <datafield tag="951" ind1=" " ind2=" ">
    <subfield code="a">2023-06-02-11:02:51</subfield>
  </datafield>
  <datafield tag="980" ind1=" " ind2=" ">
    <subfield code="a">ARTICLE</subfield>
  </datafield>
</record>
</collection>